000 00804nam a2200217 c 4500
005 20201125145613.0
008 120830s xxu||||gr|||| 00| 0 spa d
020 _a9781539870692
040 _aCO-BoUCM
_bspa
_cDeissy Garcia
_dDeissy Garcia
041 0 _aspa
100 _aProudhon, Pierre-Joseph
_982832
_d1809-1865.
245 1 3 _aEl principio federativo
_cPierre-Joseph Proudhon
260 _a[lugar de publicación no identificado]
_bCreatespace Independent Publishing
_c1984
300 _a[48] páginas
504 _aIncluye referencias bibliográficas
650 7 _915622
_aFederalismo
650 1 7 _aFormas de gobierno
_zEuropa
_9101738
651 1 7 _aEuropa
_xPolítica y gobierno
_zSiglo XIX
_9101739
942 _cLIBRO
_2DEWEY
_a6
_e1
_h320.94
_mP968p
_n0
999 _c318089
_d318089